000 004320000a22001810004500
003 MACL
005 20150823143023.0
008 150823b xxu||||| |||| 00| 0 eng d
040 _aMACL
_cMACL
041 _aEnglish
082 _a650/HAM
100 _aHamlin, Sonya
_97057
245 _aHow To Talk So People Listen
260 _bThorsons
_c2006
_aNew Delhi
350 _a195
650 _aManagement
_97058
942 _cBK
_k650
_2ddc
999 _c7900
_d7900